Statistics for Every Ski Lift at Breckenridge

Click here to take the quiz!

General Stats

  • This quiz has been taken 2 times
  • The average score is 5 of 19

Answer Stats

Answer% Correct
Colorado SuperChair
100%
Snowflake
100%
5-Chair
50%
Imperial SuperChair
50%
Kensho SuperChair
50%
Peak 8 SuperConnect
50%
Quicksilver SuperChair
50%
Rip's Ride
50%
6-Chair
0%
A-Chair
0%
Beaver Run SuperChair
0%
C-Chair
0%
E-Chair
0%
Falcon SuperChair
0%
Freedom SuperChair
0%
Independence SuperChair
0%
Mercury SuperChair
0%
Rocky Mountain SuperChair
0%
Zendo Chair
0%

Score Distribution

Percentile by Number Answered

Percent of People with Each Score

Your Score History

You have not taken this quiz